000 00857naa a22002417u 4500
001 16695
003 HDC
007 cr bn ---aaaaa
008 210221t xx 000 0 eng
040 _aHDC
100 _aKamarul Aznam Kamaruzaman,
_eauthor
_915797
245 0 _aMemartabatkan Halal sebagai Piawaian Pilihan Dunia /
_cby Kamarul Aznam Kamaruzaman
260 _a[No place] :
_b[publisher not identified],
_c[no date]
336 _atext
_2rdacontent
337 _acomputer
_2rdamedia
338 _aonline resource
_2rdacarrier
650 _aHalal food industry
_zMalaysia
_9218
650 _aIslamic law
_9590
856 _zRequest full-text at [email protected]
942 _2lcc
942 _cEIJ
942 _kEMAG 000579
999 _c14011
_d14011